Tam Quốc bình giảng : Thế chia ba thiên hạ /

Đã lưu trong:
Sonraí Bibleagrafaíochta
Príomhúdar: Nguyễn Tử Quang
Formáid: Sách giấy
Teanga:Vietnamese
Foilsithe: Đồng Tháp : Đồng Tháp , 1996
Clibeanna: Cuir Clib Leis
Gan Chlibeanna, Bí ar an gcéad duine leis an taifead seo a chlibeáil!
Thư viện lưu trữ: Thư viện Trường Đại học Đà Lạt
LEADER 00597nam a2200241 4500
001 DLU020010158
005 ##11/16/1999
041 # # |a vie 
082 # # |a 895.1  |b NG-Q 
090 # # |a 895.1  |b NG-Q 
100 # # |a Nguyễn Tử Quang 
245 # # |a Tam Quốc bình giảng :  |b Thế chia ba thiên hạ /  |c Nguyễn Tử Quang 
260 # # |a Đồng Tháp :  |b Đồng Tháp ,  |c 1996 
300 # # |a 557 tr.;   |c 19 cm. 
992 # # |a 33500 
994 # # |a DLU 
900 # # |a False 
911 # # |a Administrator 
925 # # |a G 
926 # # |a A 
927 # # |a SH 
980 # # |a Thư viện Trường Đại học Đà Lạt